[Event "Ruhrgebiet Regionalliga 1213"]
[Site "Nordrheinwestfalen"]
[Date "2013.04.14"]
[Round "8.4"]
[White "Becker, Marco"]
[Black "Dargel, Manuel"]
[Result "0-1"]
[WhiteElo "1905"]
[BlackElo "2186"]
[PlyCount "90"]
[EventDate "2012.09.09"]
[EventType "team-tourn"]
[EventRounds "9"]
[EventCountry "GER"]
[SourceTitle "EXT 2020"]
[Source "ChessBase"]
[SourceDate "2019.10.17"]
[SourceVersion "1"]
[SourceVersionDate "2019.10.17"]
[SourceQuality "1"]
[WhiteTeam "Horst Emscher"]
[BlackTeam "Koenigsspringer Hamm"]
[WhiteTeamCountry "GER"]
[BlackTeamCountry "GER"]

1. e4 c5 2. g3 Nc6 3. Bg2 g6 4. Ne2 Bg7 5. 0-0 d6 6. d3 Bd7 7. h3 Qc8 8. Kh2 e6 9. c3 Nge7 10. Na3 0-0 11. f4 Qb8 12. Be3 b5 13. Nc2 b4 14. d4 cxd4 15. cxd4 d5 16. e5 a5 17. Ne1 a4 18. Nd3 Na5 19. b3 Bb5 20. Nc5 Rc8 21. g4 axb3 22. axb3 Nb7 23. Rf2 Ra3 24. Nxb7 Qxb7 25. Ng3 Rc3 26. Rxa3 bxa3 27. Bd2 Rd3 28. Bf1 Rxd4 29. Qa1 Rxd2 30. Rxd2 Bxf1 31. Nxf1 Qxb3 32. Rg2 Qc4 33. Rf2 Qc5 34. Rf3 Qc2+ 35. Kg3 a2 36. Rf2 Qb3+ 37. Kg2 g5 38. Rxa2 gxf4 39. Ra8+ Bf8 40. Qc1 Ng6 41. Kh2 Kg7 42. h4 Qf3 43. Qe1 Qxg4 44. Nd2 Bb4 45. Ra4 Nxh4 0-1

[Event "Werther Schloss op 19th"]
[Site "Werther"]
[Date "2013.03.23"]
[Round "5"]
[White "Dargel, Manuel"]
[Black "Melamed, Tatiana"]
[Result "1/2-1/2"]
[WhiteElo "2238"]
[BlackElo "2368"]
[PlyCount "28"]
[EventDate "2013.03.22"]
[EventType "swiss"]
[EventRounds "7"]
[EventCountry "GER"]
[SourceTitle "CBM 153 Extra"]
[Source "ChessBase"]
[SourceDate "2013.04.22"]
[SourceVersion "1"]
[SourceVersionDate "2013.04.22"]
[SourceQuality "1"]

1. c4 Nf6 2. Nc3 g6 3. g3 Bg7 4. Bg2 0-0 5. e4 d6 6. Nge2 c5 7. 0-0 Nc6 8. d3 Bd7 9. h3 a6 10. f4 Rb8 11. Be3 b5 12. Qd2 Ne8 13. Rae1 Nc7 14. Rd1 e5 1/2-1/2

[Event "Ruhrgebiet Regionalliga 1213"]
[Site "Nordrheinwestfalen"]
[Date "2013.02.10"]
[Round "6.4"]
[White "Herud, Martin"]
[Black "Dargel, Manuel"]
[Result "0-1"]
[WhiteElo "1978"]
[BlackElo "2186"]
[PlyCount "76"]
[EventDate "2012.09.09"]
[EventType "team-tourn"]
[EventRounds "9"]
[EventCountry "GER"]
[SourceTitle "EXT 2020"]
[Source "ChessBase"]
[SourceDate "2019.10.17"]
[SourceVersion "1"]
[SourceVersionDate "2019.10.17"]
[SourceQuality "1"]
[WhiteTeam "Recklinghausen Laeufer Ost"]
[BlackTeam "Koenigsspringer Hamm"]
[WhiteTeamCountry "GER"]
[BlackTeamCountry "GER"]

1. e4 c5 2. Nf3 e6 3. d4 cxd4 4. Nxd4 Nc6 5. Nxc6 bxc6 6. Bd3 Qc7 7. 0-0 Nf6 8. Nc3 Rb8 9. b3 Bd6 10. f4 h5 11. Na4 e5 12. f5 Rb4 13. c4 Ng4 14. Be2 Rxa4 15. bxa4 Bc5+ 16. Kh1 Nf2+ 17. Rxf2 Bxf2 18. Rb1 d6 19. Qb3 h4 20. Be3 Bxe3 21. Qxe3 c5 22. Qg5 Kf8 23. f6 g6 24. Bg4 Bb7 25. Qe3 Kg8 26. Bf5 Bc6 27. Qg5 Kf8 28. h3 Rh7 29. Bxg6 fxg6 30. Qxg6 Be8 31. Rb8 Qf7 32. Qf5 Rh6 33. Qg5 Qxf6 34. Qg4 Rg6 35. Qe2 Rg3 36. Kg1 Qg5 37. Qf2+ Qf4 38. Qc2 Qe3+ 0-1